| 000 | 00635nam a22002171c 4500 | ||
|---|---|---|---|
| 001 | a987678634 | ||
| 008 | 161108s2015 gw |||| 000u ger d | ||
| 020 |
_a9783205795742 _9978-3-205-79574-2 |
||
| 041 | _ager | ||
| 100 | 1 | _aPelinka, Anton | |
| 245 | 0 | 4 |
_aDie unheilige Allianz : _bdie rechten und die linken Extremisten gegen Europa / _cAnton Pelinka |
| 264 |
_aWien; Köln; Weimar : _bBöhlau, _c2015 |
||
| 300 | _a195 S. ; 240 x 170 mm | ||
| 650 | 0 | _aLinksradikalismus | |
| 650 | 0 | _aRechtsradikalismus | |
| 650 | 0 | _aAuswirkung | |
| 650 | 0 | _aEuropäische Union | |
| 942 | _cMG | ||
| 040 | _cRU-10907106 | ||
| 003 | RU-10907106 | ||
| 999 |
_c40668 _d40668 |
||